000 00306nam a22001337a 4500
008 170529b xxu||||| |||| 00| 0 eng d
020 _a9780133183535
041 _aeng
080 _a621
100 _a27
101 _aIM
245 _aFEEDBACK CONTROL OF LARGE-SCALE SYSTEMS
_cLUNZE, J
942 _2udc
_cBK
999 _c14825
_d14825